000 00338nam a22001217a 4500
008 160503b xxu||||| |||| 00| 0 eng d
020 _a9780077399993
020 _a0077399994
041 _aeng
080 _a61
245 _aClinical procedures for medicl aassisting:
_cKathryn A. Booth; Leesa G. Whicker; Terri D. Wyman;
942 _2udc
_cBK
999 _c1736
_d1736